| 000 | 006450000a22002050004500 | ||
|---|---|---|---|
| 001 | 52264 | ||
| 100 | _a20160930d2016 k y0pory5003 ba | ||
| 101 | 0 | _apor | |
| 102 | _aPT | ||
| 200 | 1 |
_aO livro da selva _grev. Elsa Magalhães _ftrad. Manuela Cordeiro |
|
| 210 |
_aRio de Mouro _cGirassol _d[19--?] |
||
| 215 |
_a92, [3] p. _ctodo il. |
||
| 606 |
_92081 _aLiteratura estrangeira _xConto |
||
| 675 |
_a82-34 _vBN _zpor |
||
| 702 | 1 |
_915031 _4730 _aCordeiro _bManuela |
|
| 702 |
_929204 _4640 _aMagalhães _bElsa |
||
| 801 |
_aPT _c20160930 |
||
| 090 | _a52264 | ||
| 942 |
_cMON _n0 |
||
| 999 | _a52264 | ||